The Oxford handbook of war / (Record no. 11558)

MARC details
000 -LEADER
fixed length control field 00760nam a22002412 4500
001 - CONTROL NUMBER
control field 0000024503
005 - DATE AND TIME OF LATEST TRANSACTION
control field 20151217154511.0
008 - FIXED-LENGTH DATA ELEMENTS--GENERAL INFORMATION
fixed length control field 131219s xx 000 0 eng d
020 ## - INTERNATIONAL STANDARD BOOK NUMBER
International Standard Book Number 0199562930 :
040 ## - CATALOGING SOURCE
Original cataloging agency KABU
Transcribing agency KABU
245 14 - TITLE STATEMENT
Title The Oxford handbook of war /
Statement of responsibility, etc. edited by Julian Lindley-French and Yves Boyer.
250 ## - EDITION STATEMENT
Edition statement 1st ed.
260 ## - PUBLICATION, DISTRIBUTION, ETC. (IMPRINT)
Place of publication, distribution, etc. Oxford :
Name of publisher, distributor, etc. O. U. P.,
Date of publication, distribution, etc. 2012.
300 ## - PHYSICAL DESCRIPTION
Extent xix, 709 p.
650 #0 - SUBJECT ADDED ENTRY--TOPICAL TERM
Topical term or geographic name as entry element War.
-- 0000183026
650 #0 - SUBJECT ADDED ENTRY--TOPICAL TERM
Topical term or geographic name as entry element War
General subdivision Moral and ethical aspects.
-- 0000182278
650 #0 - SUBJECT ADDED ENTRY--TOPICAL TERM
Topical term or geographic name as entry element Military art and science.
-- 0000167997
700 1# - ADDED ENTRY--PERSONAL NAME
Personal name Lindley-French, Julian.
-- 0000184717
700 1# - ADDED ENTRY--PERSONAL NAME
Personal name Boyer, Yves.
-- 0000184718
852 1# - LOCATION
-- p13770 KES
908 ## - PUT COMMAND PARAMETER (RLIN)
Put command parameter 131219
950 ## - LOCAL HOLDINGS (RLIN)
-- 1
Holdings
Withdrawn status Lost status Source of classification or shelving scheme Not for loan Home library Current library Date acquired Total Checkouts Full call number Barcode Date last seen Date last checked out Price effective from Koha item type
    Library of Congress Classification   Kabarak, Main Campus Kabarak, Main Campus 17/12/2015 1 U21.2 .O94 2012 c. 1 016327 14/10/2019 20/09/2019 17/12/2015 General Collection
Designed with assistance from East African Informatics Ltd